000 00972cam a2200325 4500
001 WB3734-18
008 010912n2001 000 0 eng u
035 _a(Sirsi) u114553
245 _aScottish houses buoyant
260 _c2001
490 _aRICS Press Release
_v11 September 2001, (6)
520 _aThe latest RICS in Scotland housing report reveals a healthy residential market with most properties achieving prices above valuation. Breakdown of housing markets in Scotland's key cities and regions.
590 _aWB
650 _aEDINBURGH
650 _aGLASGOW
650 _aDUNDEE
650 _aINVERNESS
650 _aTAYSIDE
650 _aGREENOCK
650 _aDUMFRIES
650 _aGALLOWAY
650 _aFIFE
650 _aRURAL AREAS
650 _aRICS SURVEY
650 _aHOUSE PRICES
650 _aSCOTLAND
650 _aHOUSING MARKET
690 _aPROPERTY-RESIDENTIAL PROPERTY-RESIDENTIAL PROPERTY MARKET
942 _n0
999 _c68255
_d68255